Léčení minulými životy : probádejte minulost své duše! /

Hlavní autor: Webster, Richard, 1946-
Jazyk: Čeština
Vydáno: Praha : Beta, 2006
Vydání: Vyd. 1.
Témata:
Fyzický popis: 198 s. ; 20 cm
Knihy
Uloženo v:
LEADER 01485nam a2200421 a 4500
001 nkc20061699973
003 CZ PrNK
005 20070221093240.0
007 ta
008 061130s2006 xr e f 001 0 cze
015 |a cnb001699973 
020 |a 80-7306-262-3  |q (brož.) 
035 |a (OCoLC)124089378 
040 |a OLA001  |b cze  |d ABA001 
041 1 |a cze  |h eng 
072 7 |a 615.8  |x Fyzioterapie. Psychoterapie. Alternativní lékařství  |2 Konspekt  |9 14 
080 |a 129  |2 MRF 
080 |a 615.851:129  |2 MRF 
080 |a (035)  |2 MRF 
100 1 |a Webster, Richard,  |d 1946-  |7 jn20001227480  |4 aut 
245 1 0 |a Léčení minulými životy :  |b probádejte minulost své duše! /  |c Richard Webster ; [z anglického originálu ... přeložil Pavel Kaas] 
250 |a Vyd. 1. 
260 |a Praha :  |b Beta,  |c 2006 
300 |a 198 s. ;  |c 20 cm 
504 |a Obsahuje bibliografii, bibliografické odkazy a rejstřík 
650 0 7 |a reinkarnace  |7 ph116033  |2 czenas 
650 0 7 |a reinkarnační terapie  |7 ph125092  |2 czenas 
650 0 9 |a reincarnation  |2 eczenas 
650 0 9 |a reincarnation therapy  |2 eczenas 
655 7 |a příručky  |7 fd133209  |2 czenas 
655 9 |a handbooks and manuals  |2 eczenas 
765 0 |t Practical guide to past-life memories  |9 Česky 
910 2 |a BOA001  |b 2-1177.948 
928 9 |a Beta-Dobrovský 
990 |a BK 
995 |a 01 
991 |b 200701  |c NOV 
996 6 |b 2610297001  |c 2-1177.948  |l MZK  |r Sklad / do 1 hodiny  |n 1  |p p.v.  |w 000835934  |u 000010  |a 1  |e BOA001  |j MZK50  |s P